Efraín de Atenas :
Guardado en:
| Hovedforfatter: | |
|---|---|
| Andre forfattere: | , , , |
| Format: | Bog |
| Sprog: | spansk |
| Udgivet: |
México :
Universidad Iberoamericana, Plantel Santa Fe,
2020, c2020
|
| Serier: | (Biblioteca del Exito ;
64) |
| Fag: | |
| Tags: |
Ingen Tags, Vær først til at tagge denne postø!
|
MARC
| LEADER | 00000nam^a2200000^a^4500 | ||
|---|---|---|---|
| 001 | 000434899 | ||
| 005 | 20250521000000.0 | ||
| 009 | 20260310123117.093 | ||
| 020 | |a 978-607-417-744-2 | ||
| 037 | |a Acervo ITESO - Biblioteca | ||
| 041 | |a ESP | ||
| 082 | |a 863. |b KAH | ||
| 100 | |a Kahn, Máximo José |e (autor) | ||
| 245 | 1 | 0 | |a Efraín de Atenas : |c M.J. Kahn ; prelim. de A. Muñiz-Huberman ; ed., estudio y epílogo de M.M. Gijón, L. Senkman, J. Buj. |
| 264 | 4 | |a México : |b Universidad Iberoamericana, Plantel Santa Fe, |c 2020, c2020 | |
| 300 | |a 831 p. | ||
| 336 | |a texto |b txt |2 rdacontenido | ||
| 337 | |a sin mediación |b n |2 rdamedio | ||
| 338 | |a volumen |b nc |2 rdasoporte | ||
| 440 | 1 | |a (Biblioteca del Exito ; |v 64) | |
| 649 | |a XX | ||
| 650 | |a Judíos en España | ||
| 650 | |a Judíos Sefarditas | ||
| 650 | |a Novela Alemana | ||
| 650 | |a Novela Española | ||
| 650 | |a Literatura en Español | ||
| 650 | |a Literatura Alemana - |y Siglo XX | ||
| 650 | |a Literatura Española - |y Siglo XX | ||
| 650 | |a Judaísmo | ||
| 650 | |a Religión y Literatura | ||
| 700 | |a Muñiz-Huberman, Angelina |e (preliminares) | ||
| 700 | |a Gijón, Mario Martín |e (edición) | ||
| 700 | |a Senkman, Leonardo |e (edición) | ||
| 700 | |a Buj, Joseba |e (edición) | ||
| 910 | |a Fondo General | ||
| 920 | |a Impresos - Libros | ||
| 930 | |a Colección General | ||
| 940 | |a Literatura | ||
| 905 | |a 101 | ||
| 901 | |a 0500355365 |b IT1 |c LIT |i D127418 |u 20250521 | ||
| 902 | |a https://opac.biblio.iteso.mx/vufind/Record/000434899 | ||